<?xml version="1.0" encoding="UTF-8"?><marc:collection xmlns:marc="http://www.loc.gov/MARC21/slim">
  <marc:record>
    <marc:leader>00000nam##2200000za#4500</marc:leader>
    <marc:controlfield tag="001">9.625003</marc:controlfield>
    <marc:controlfield tag="003">CaOODSP</marc:controlfield>
    <marc:controlfield tag="005">20200327182038</marc:controlfield>
    <marc:controlfield tag="007">ta</marc:controlfield>
    <marc:controlfield tag="008">150406|1998||||xxc|||||     f|0| 0 fre|d</marc:controlfield>
    <marc:datafield tag="020" ind1=" " ind2=" ">
      <marc:subfield code="a">0-662-83520-4</marc:subfield>
    </marc:datafield>
    <marc:datafield tag="040" ind1=" " ind2=" ">
      <marc:subfield code="a">CaOODSP</marc:subfield>
      <marc:subfield code="b">fre</marc:subfield>
    </marc:datafield>
    <marc:datafield tag="043" ind1=" " ind2=" ">
      <marc:subfield code="a">n-cn---</marc:subfield>
    </marc:datafield>
    <marc:datafield tag="086" ind1="1" ind2=" ">
      <marc:subfield code="a">MP32-29/98-10F</marc:subfield>
    </marc:datafield>
    <marc:datafield tag="110" ind1="1" ind2=" ">
      <marc:subfield code="a">Canada.</marc:subfield>
      <marc:subfield code="b">Développement des ressources humaines Canada. </marc:subfield>
      <marc:subfield code="b">Direction générale de la recherche appliquée.</marc:subfield>
    </marc:datafield>
    <marc:datafield tag="245" ind1="1" ind2="3">
      <marc:subfield code="a">La situation de l'emploi des jeunes au Canada : </marc:subfield>
      <marc:subfield code="b">quelques explications et perspectives d'avenir / </marc:subfield>
      <marc:subfield code="c">par Claude Lavoie et Ali Béjaoui. </marc:subfield>
    </marc:datafield>
    <marc:datafield tag="260" ind1=" " ind2=" ">
      <marc:subfield code="a">Ottawa - Ontario : </marc:subfield>
      <marc:subfield code="b">Développement des ressources humaines Canada. </marc:subfield>
      <marc:subfield code="c">1998.</marc:subfield>
    </marc:datafield>
    <marc:datafield tag="300" ind1=" " ind2=" ">
      <marc:subfield code="a">vii, 21p. : </marc:subfield>
      <marc:subfield code="b">graphiques, tableaux ; </marc:subfield>
      <marc:subfield code="c">28 cm.</marc:subfield>
    </marc:datafield>
    <marc:datafield tag="490" ind1="1" ind2=" ">
      <marc:subfield code="a">Document de recherche</marc:subfield>
      <marc:subfield code="v">R-98-10F</marc:subfield>
    </marc:datafield>
    <marc:datafield tag="500" ind1=" " ind2=" ">
      <marc:subfield code="a">«L'objectif de ce travail consiste à apporter des éléments de réponses aux interrogations soulevées quant à la situation de l'emploi des jeunes. Les deux premières parties de ce travail tentent d'expliquer pourquoi le taux de chômage des jeunes a continuellement été plus élevé et plus sensible aux variations du cycle économique que celui des adultes. La troisième partie aborde particulièrement la baisse de l'emploi chez les jeunes au cours des deux dernières décennies. Finalement, la quatrième partie jette un regard sur les perspectives d'avenir et les implications politiques.»--Page 1.</marc:subfield>
    </marc:datafield>
    <marc:datafield tag="504" ind1=" " ind2=" ">
      <marc:subfield code="a">Bibliographie.</marc:subfield>
    </marc:datafield>
    <marc:datafield tag="520" ind1="3" ind2=" ">
      <marc:subfield code="a">L'objectif de ce travail consiste à apporter des éléments de réponses aux interrogations soulevées quant à la situation de l'emploi des jeunes. Les deux premières parties de ce travail tentent d'expliquer pourquoi le taux de chômage des jeunes a continuellement été plus élevé et plus sensible aux variations du cycle économique que celui des adultes. La troisième partie aborde particulièrement la baisse de l'emploi chez les jeunes au cours des deux dernières décennies. Finalement, la quatrième partie jette un regard sur les perspectives d'avenir et les implications politiques.--Page 1</marc:subfield>
    </marc:datafield>
    <marc:datafield tag="563" ind1=" " ind2=" ">
      <marc:subfield code="a">Couverture souple</marc:subfield>
    </marc:datafield>
    <marc:datafield tag="590" ind1=" " ind2=" ">
      <marc:subfield code="a">99-15</marc:subfield>
      <marc:subfield code="b">1999-04-16</marc:subfield>
    </marc:datafield>
    <marc:datafield tag="720" ind1="1" ind2=" ">
      <marc:subfield code="a">Lavoie, Claude</marc:subfield>
    </marc:datafield>
    <marc:datafield tag="720" ind1="1" ind2=" ">
      <marc:subfield code="a">Béjaoui, Ali</marc:subfield>
    </marc:datafield>
    <marc:datafield tag="776" ind1="0" ind2="#">
      <marc:subfield code="t">La situation de l'emploi des jeunes au Canada : </marc:subfield>
      <marc:subfield code="w">(CaOODSP)9.604219</marc:subfield>
    </marc:datafield>
    <marc:datafield tag="830" ind1="#" ind2="0">
      <marc:subfield code="a">Document de recherche ;</marc:subfield>
      <marc:subfield code="v">R-98-10F</marc:subfield>
      <marc:subfield code="w">(CaOODSP)9.513150</marc:subfield>
    </marc:datafield>
  </marc:record>
</marc:collection>
